Central Library OPAC University of Rajshahi

Science and common sense / (Record no. 6324)

MARC details
000 -LEADER
fixed length control field 00796cam a22002651 4500
001 - CONTROL NUMBER
control field 6324
003 - CONTROL NUMBER IDENTIFIER
rucl marc code BD-RjUL
005 - DATE AND TIME OF LATEST TRANSACTION
control field 20211208234226.0
008 - FIXED-LENGTH DATA ELEMENTS--GENERAL INFORMATION
fixed length control field 140109r19531951ctua 001 0 eng
035 ## - SYSTEM CONTROL NUMBER
System control number (BD-RjUL)6364
System control number (OCoLC)2551377
040 ## - CATALOGING SOURCE
Original cataloging agency DLC
Transcribing agency O
Modifying agency OClW-H
-- OCoLC
-- Uk
-- BD-RjUL
Language of cataloging eng
041 ## - LANGUAGE CODE
Language code of text/sound track or separate title eng
082 ## - DEWEY DECIMAL CLASSIFICATION NUMBER
Classification number 507.2
Author mark and year COS 1953
100 1# - MAIN ENTRY--PERSONAL NAME
Personal name Conant, James Bryant
Dates associated with a name 1893-1978
9 (RLIN) 16467
245 10 - TITLE STATEMENT
Title Science and common sense /
Statement of responsibility, etc. James Bryant Conant
260 ## - PUBLICATION, DISTRIBUTION, ETC. (IMPRINT)
Place of publication, distribution, etc. New Haven :
Name of publisher, distributor, etc. Yale University Press,
Date of publication, distribution, etc. 195 [reprient 1953].
300 ## - PHYSICAL DESCRIPTION
Pagination xii, 371 p. :
Illustrations illus. ;
Size 21 cm.
504 ## - BIBLIOGRAPHY, ETC. NOTE
Bibliography, etc Includes bibliography and index.
650 #0 - SUBJECT ADDED ENTRY--TOPICAL TERM
Topical term or geographic name as entry element Science
General subdivision Methodology.
9 (RLIN) 19912
Topical term or geographic name as entry element Science
General subdivision Experiments.
9 (RLIN) 5617
942 ## - ADDED ENTRY ELEMENTS (KOHA)
Source of classification or shelving scheme Dewey Decimal Classification
Koha item type Books
Holdings
Lost status Source of classification or shelving scheme Damaged status Not for loan Collection code Permanent Location Current Location Shelving location Date acquired Source of acquisition Cost, normal purchase price Total Checkouts Full call number Date last seen Copy number Koha item type
  Dewey Decimal Classification   Not For Loan Non-fiction Central Library, University of Rajshahi Central Library, University of Rajshahi   21/05/2055 Pak. Book Center 16.00   507.2 COS 1953 09/01/2014 C-1 Books
  Dewey Decimal Classification     Non-fiction Central Library, University of Rajshahi Central Library, University of Rajshahi   01/07/1963 Zeitlinger 40.00   507.2 COS 1953 27/08/2016 C-2 Books